Пакет электронных таблиц Quattro pro
| Sumari: | Исключено из фонда НТБ ТПУ |
|---|---|
| Idioma: | rus |
| Publicat: |
Обнинск, Принтер, 1992
|
| Format: | MixedMaterials Llibre |
| KOHA link: | https://koha.lib.tpu.ru/cgi-bin/koha/opac-detail.pl?biblionumber=166101 |
MARC
| LEADER | 00000nam0a2200000 4500 | ||
|---|---|---|---|
| 001 | 166101 | ||
| 005 | 20231031162129.0 | ||
| 020 | |a RU |b 92-31748 | ||
| 035 | |a (RuTPU)RU\TPU\book\180178 | ||
| 090 | |a 166101 | ||
| 100 | |a 20090926d1992 k y0rusy5003 ca | ||
| 101 | 0 | |a rus | |
| 102 | |a RU | ||
| 105 | |a y z 000zy | ||
| 200 | 1 | |a Пакет электронных таблиц Quattro pro | |
| 210 | |a Обнинск |c Принтер |d 1992 | ||
| 215 | |a 75, [1] с. |d 20 см. | ||
| 333 | |a Исключено из фонда НТБ ТПУ | ||
| 801 | 0 | |a RU |b RuMRKP |c 19950417 |g psbo | |
| 801 | 1 | |a RU |b 63413507 |c 20090926 | |
| 801 | 2 | |a RU |b 63413507 |c 20170124 |g RCR | |
| 942 | |c BK | ||